Prečo mám rád slovenčinu, prečo mám rád Slovensko

Bibliographic Details
Corporate Author: Prečo mám rád slovenčinu, prečo mám rád Slovensko Nové Zámky, Slovensko
Other Authors: Kaliská, Ľubica (Compiler)
Format: Conference Proceeding Book
Language:Slovak
PhysicalDescription:46 s. 21 cm
Published: Bratislava Ministerstvo kultúry Slovenskej republiky 2007
ISBN:9788096951215 (brož.)
Edition:[1. vyd.]
Subjects:

MARC

LEADER 00000nam a2200000 a 4500
001 vtls009002306
003 SK-MaSNL
005 20260302042836.0
008 160208s2007 xo j 000 1 slo
015 |a SNBA2007/08-03653 
020 |a 9788096951215 (brož.) 
035 |a EA9A50AA-C1B7-404C-86E5-5A9623371875 
035 |a urn:nbn:sk:snk-amk7eb 
035 |a urn:nbn:sk:snk-am003e3y 
040 |a SNK  |b slo  |c SNK  |e AACR2 
041 0 |a slo 
044 |a xo  |c SK 
072 7 |a 82:06  |x Literárne organizácie, súťaže  |2 konspekt 
080 |a 808.1-053.2  |2 2001 
080 |a 82:7.092  |2 2001 
080 |a (082)  |2 2001 
111 2 |a Prečo mám rád slovenčinu, prečo mám rád Slovensko  |n (15. :  |d 2007 :  |c Nové Zámky, Slovensko  |9 104609 
245 1 0 |a Prečo mám rád slovenčinu, prečo mám rád Slovensko  |c [zostavovateľka a zodpovedná redaktorka Ľubica Kaliská] 
250 |a [1. vyd.] 
260 |a Bratislava  |b Ministerstvo kultúry Slovenskej republiky  |c 2007 
300 |a 46 s.  |c 21 cm 
500 |a Nepredajné 
650 0 7 |a literárne práce detí a mládeže  |2 SNKPH  |9 4106 
650 0 7 |a literárne súťaže  |2 SNKPH  |9 4275 
655 7 |a zborníky  |2 SNKPH  |9 70165 
700 1 |a Kaliská, Ľubica  |4 com  |9 323489 
919 |a 978-80-969512-1-5 
958 |a LX 
958 |a OND 
968 |d 82 
999 |c 1084332  |d 1086262 
952 |a SNK  |b SNK  |y PREZ  |7 0  |p 17A0555119  |o snkSC 128569  |i snk2007/16061  |8 0  |0 0  |1 0  |4 0  |d 2007-06-26  |f 1  |l 0  |r 2025-06-17 00:00:00  |w 2026-02-24 
952 |a SNK  |b SNK  |y VYP  |7 0  |p 17A0555123  |o snkSC 128569 D1  |i snk2007/16062  |8 0  |0 0  |1 0  |4 0  |d 2007-06-26  |l 0  |r 2026-02-24 16:36:31  |w 2026-02-24